HDI higher than World Average - Map Quiz - Statistics

General Stats
  • This quiz has been taken 226 times
    212 since last reset
  • The average score is 86 of 101
Answers on the Map
Answers color-coded by a green-red scale on the quiz's map according to % correct below.
 
Answer Stats
Hint Country % Correct
66 Canada
98%
129 United States
98%
52 Russia
97%
86 United Kingdom
97%
294 Brazil
96%
130.6 Turkey
96%
373.0 Argentina
95%
117.9 Bulgaria
95%
73.5 Denmark
95%
105 France
95%
89.9 Germany
95%
129 Greece
95%
43 Iceland
95%
82.5 Ireland
95%
124.2 Italy
95%
182.0 Mexico
95%
87.1 Poland
95%
107.1 Romania
95%
127.5 Spain
95%
60.5 Sweden
95%
81.2 Belarus
94%
52 Finland
94%
127.6 Portugal
94%
100.9 Austria
93%
91.0 Belgium
93%
384 Chile
93%
247.5 Colombia
93%
93.8 Czech Republic
93%
64.8 Estonia
93%
70.6 Latvia
93%
76.3 Lithuania
93%
86.9 Netherlands
93%
57 Norway
93%
96.0 Ukraine
93%
182.5 United Arab Emirates
93%
342.0 Australia
92%
113.0 Bosnia and Herzegovina
92%
140.9 China
92%
108.0 Croatia
92%
103.1 Hungary
92%
113.0 Serbia
92%
98.0 Slovakia
92%
106.5 Slovenia
92%
103.5 Switzerland
92%
370.2 Uruguay
92%
124.0 Albania
91%
140.0 Japan
91%
117.8 Montenegro
91%
391.9 New Zealand
91%
121.7 North Macedonia
91%
139 South Korea
91%
118.5 Kosovo
90%
187.2 Oman
90%
292 Peru
90%
179.9 Saudi Arabia
90%
120 Georgia
88%
152.5 Iran
88%
157.0 Israel
87%
94.2 Luxembourg
87%
114.5 Monaco
87%
232.5 Panama
87%
207.9 Thailand
87%
125.0 Armenia
86%
162.9 Kuwait
86%
176.2 Qatar
86%
125.0 Azerbaijan
85%
100.0 Kazakhstan
85%
113.9 San Marino
85%
190.2 Cuba
84%
265.5 Ecuador
84%
103.1 Liechtenstein
84%
247.2 Malaysia
84%
228.0 Costa Rica
83%
141.1 Malta
82%
277.0 Seychelles
81%
118.7 Andorra
80%
180.9 Bahamas
80%
158.9 Jordan
80%
256.7 Singapore
80%
167.2 Algeria
79%
143.7 Cyprus
79%
182.1 Taiwan
79%
146.8 Lebanon
78%
148 Tunisia
78%
174.0 Bahrain
77%
197 Dominican Republic
76%
329.1 Mauritius
74%
235 Venezuela
74%
104.1 Mongolia
73%
246.1 Brunei
67%
320.1 Fiji
67%
226.6 Trinidad and Tobago
67%
214.6 Saint Lucia
66%
217.0 Barbados
65%
203.4 Saint Kitts and Nevis
64%
200.2 Jamaica
62%
204.0 Antigua and Barbuda
57%
220.6 Grenada
56%
235.3 Sri Lanka
56%
241.3 Palau
51%
World
4%
No matching quizzes found
Score Distribution
Percent of People with Each Score
Percentile by Number Answered
Your Score History
You have not taken this quiz since the last reset